00978nam a2200229 a 4500001001000000003000500010005001700015008004100032010001100073011001100084040000900095100003300104245016400137260004100301500006000342502012400402650003600526650004600562650002900608650004100637856007000678000115827CHAP20220329144550.0190710s2019 mx a sm |||||||spa d a112288 a113260 cCHAP1 aCisneros Salazar, Surizadai.10aAdición de ácidos grasos poliinsaturados en la dieta del cerdo y su efecto en el múslo Longissimus dorsi /h[En línea]cpor Surizadai Cisneros Salazar. aChapingo, Méx. :bEl autor,c2019. aPara ver el contenido del material haga clic en la liga aTesis (Ing. Agr. Zootecnista) -- Colegio Superior Agropecuario del Estado de Guerrero. Centro de Estudios Profesionales14aGanado porcinoxAlimentación.14aGanado porcinoxCrecimientoxSuplementos.14aGanado porcinoxEngorda.14aTilapiaxAlimentación y alimentos. aFinding aiduhttp://10.13.5.2/tesis/sist115827.pdfzTeclea aquí